Europe Capitals Quiz in Random Order - Statistics

General Stats
  • This quiz has been taken 47 times
  • The average score is 33 of 45
Answer Stats
Country City % Correct
Portugal Lisbon
100%
Italy Rome
100%
Ireland Dublin
86%
United Kingdom London
86%
Luxembourg Luxembourg
86%
Spain Madrid
86%
Monaco Monaco
86%
Russia Moscow
86%
Norway Oslo
86%
France Paris
86%
Czech Republic Prague
86%
Austria Vienna
86%
Netherlands Amsterdam
71%
Andorra Andorra la Vella
71%
Greece Athens
71%
Germany Berlin
71%
Switzerland Bern
71%
Belgium Brussels
71%
Romania Bucharest
71%
Hungary Budapest
71%
Denmark Copenhagen
71%
Finland Helsinki
71%
Ukraine Kyiv
71%
Belarus Minsk
71%
Iceland Reykjavík
71%
Latvia Riga
71%
San Marino San Marino
71%
Bulgaria Sofia
71%
Sweden Stockholm
71%
Estonia Tallinn
71%
Albania Tirana
71%
Liechtenstein Vaduz
71%
Malta Valletta
71%
Vatican City Vatican City
71%
Lithuania Vilnius
71%
Poland Warsaw
71%
Croatia Zagreb
71%
Serbia Belgrade
57%
Slovakia Bratislava
57%
Moldova Chișinău
57%
Slovenia Ljubljana
57%
Montenegro Podgorica
57%
Kosovo Pristina
57%
Bosnia and Herzegovina Sarajevo
57%
North Macedonia Skopje
57%
No matching quizzes found
Score Distribution
Percent of People with Each Score
Percentile by Number Answered
Your Score History
You have not taken this quiz